[Event "ODJM B 2023"]
[Site "Willingen GER"]
[Date "2023.05.30"]
[Round "4"]
[White "Khanbekyan, Areg"]
[Black "Borgmann, Simon"]
[Result "1-0"]
[Termination "normal"]
[Board "14"]
[WhiteElo "1606"]
[BlackElo "1543"]
[WhiteClock "00:29:07"]
[BlackClock "00:40:17"]
[PlyCount "95"]
[WhiteFideId "12993727"]
[BlackFideId "16234677"]
[EventCountry "GER"]
[EventRounds "9"]
[EventType "swiss"]
[EventDate "2023.05.27"]

1. e4 {[%clk 01:30:48]} {[%emt 00:00:11]} d5 {[%clk 01:30:46]} {[%emt
00:00:14]} 2. exd5 {[%clk 01:30:42]} {[%emt 00:00:37]} Qxd5 {[%clk 01:31:08]}
{[%emt 00:00:07]} 3. Nc3 {[%clk 01:30:45]} {[%emt 00:00:27]} Qa5 {[%clk
01:31:34]} {[%emt 00:00:05]} 4. d4 {[%clk 01:30:51]} {[%emt 00:00:23]} Nf6
{[%clk 01:31:32]} {[%emt 00:00:32]} 5. Nf3 {[%clk 01:29:39]} {[%emt 00:01:42]}
Bf5 {[%clk 01:24:59]} {[%emt 00:07:03]} 6. Bc4 {[%clk 01:27:30]} {[%emt
00:02:39]} e6 {[%clk 01:25:14]} {[%emt 00:00:15]} 7. Bd2 {[%clk 01:27:17]}
{[%emt 00:00:43]} c6 {[%clk 01:20:19]} {[%emt 00:05:26]} 8. Bb3 {[%clk
01:23:12]} {[%emt 00:04:35]} Qc7 {[%clk 01:14:45]} {[%emt 00:06:03]} 9. Qe2
{[%clk 01:23:19]} {[%emt 00:00:22]} Nbd7 {[%clk 01:08:26]} {[%emt 00:06:51]}
10. O-O-O {[%clk 01:20:18]} {[%emt 00:03:30]} O-O-O {[%clk 01:01:12]} {[%emt
00:07:44]} 11. Ng5 {[%clk 00:49:28]} {[%emt 00:31:20]} Nb6 {[%clk 00:56:13]}
{[%emt 00:05:30]} 12. h3 {[%clk 00:31:59]} {[%emt 00:17:58]} h6 {[%clk
00:51:30]} {[%emt 00:05:13]} 13. g4 {[%clk 00:26:12]} {[%emt 00:06:17]} hxg5
{[%clk 00:48:34]} {[%emt 00:03:27]} 14. gxf5 {[%clk 00:26:36]} {[%emt
00:00:06]} exf5 {[%clk 00:47:04]} {[%emt 00:02:00]} 15. Bxg5 {[%clk 00:26:33]}
{[%emt 00:00:33]} Qe7 {[%clk 00:38:11]} {[%emt 00:09:22]} 16. Qxe7 {[%clk
00:24:40]} {[%emt 00:02:23]} Bxe7 {[%clk 00:38:36]} {[%emt 00:00:06]} 17. Bxf7
{[%clk 00:24:48]} {[%emt 00:00:22]} Rhf8 {[%clk 00:35:45]} {[%emt 00:03:21]}
18. Be6+ {[%clk 00:17:37]} {[%emt 00:07:41]} Kb8 {[%clk 00:34:57]} {[%emt
00:01:18]} 19. Bxf5 {[%clk 00:09:04]} {[%emt 00:09:03]} Nfd5 {[%clk 00:35:00]}
{[%emt 00:00:26]} 20. Bxe7 {[%clk 00:09:29]} {[%emt 00:00:05]} Nxe7 {[%clk
00:35:18]} {[%emt 00:00:13]} 21. Be6 {[%clk 00:09:36]} {[%emt 00:00:23]} Rxf2
{[%clk 00:34:28]} {[%emt 00:01:20]} 22. Rhg1 {[%clk 00:09:09]} {[%emt
00:00:56]} g6 {[%clk 00:30:12]} {[%emt 00:04:46]} 23. Ne4 {[%clk 00:03:59]}
{[%emt 00:05:41]} Rf4 {[%clk 00:29:36]} {[%emt 00:01:05]} 24. Rg4 {[%clk
00:04:03]} {[%emt 00:00:26]} Rxg4 {[%clk 00:28:16]} {[%emt 00:01:51]} 25. Bxg4
{[%clk 00:04:26]} {[%emt 00:00:07]} Rf8 {[%clk 00:27:01]} {[%emt 00:01:45]} 26.
Nc5 {[%clk 00:03:14]} {[%emt 00:01:42]} Rf2 {[%clk 00:23:11]} {[%emt 00:04:19]}
27. Re1 {[%clk 00:02:45]} {[%emt 00:00:59]} Rf7 {[%clk 00:19:15]} {[%emt
00:04:26]} 28. Re6 {[%clk 00:02:17]} {[%emt 00:00:58]} Nbd5 {[%clk 00:17:42]}
{[%emt 00:02:03]} 29. Nd7+ {[%clk 00:01:27]} {[%emt 00:01:21]} Kc7 {[%clk
00:17:51]} {[%emt 00:00:21]} 30. Ne5 {[%clk 00:01:53]} {[%emt 00:00:04]} Rg7
{[%clk 00:17:58]} {[%emt 00:00:23]} 31. c4 {[%clk 00:01:55]} {[%emt 00:00:27]}
Ne3 {[%clk 00:16:57]} {[%emt 00:01:30]} 32. Nxg6 {[%clk 00:02:15]} {[%emt
00:00:11]} Nxg6 {[%clk 00:15:41]} {[%emt 00:01:47]} 33. Rxe3 {[%clk 00:02:39]}
{[%emt 00:00:06]} b5 {[%clk 00:13:29]} {[%emt 00:02:41]} 34. b3 {[%clk
00:02:09]} {[%emt 00:01:00]} bxc4 {[%clk 00:11:54]} {[%emt 00:02:05]} 35. bxc4
{[%clk 00:02:38]} {[%emt 00:00:02]} Kb6 {[%clk 00:12:14]} {[%emt 00:00:10]} 36.
Re6 {[%clk 00:02:15]} {[%emt 00:00:52]} Nf4 {[%clk 00:12:10]} {[%emt 00:00:34]}
37. Rd6 {[%clk 00:02:33]} {[%emt 00:00:13]} Re7 {[%clk 00:11:36]} {[%emt
00:01:03]} 38. d5 {[%clk 00:01:58]} {[%emt 00:01:05]} Kc5 {[%clk 00:11:59]}
{[%emt 00:00:08]} 39. Rxc6+ {[%clk 00:02:20]} {[%emt 00:00:08]} Kd4 {[%clk
00:12:22]} {[%emt 00:00:06]} 40. d6 {[%clk 00:02:08]} {[%emt 00:00:42]} Re3
{[%clk 00:09:52]} {[%emt 00:02:59]} 41. d7 {[%clk 00:00:54]} {[%emt 00:01:46]}
Kc3 {[%clk 00:09:37]} {[%emt 00:00:44]} 42. d8=Q {[%clk 00:28:31]} {[%emt
00:02:53]} Nd3+ {[%clk 00:39:11]} {[%emt 00:00:56]} 43. Qxd3+ {[%clk 00:28:42]}
{[%emt 00:00:18]} Rxd3 {[%clk 00:39:23]} {[%emt 00:00:18]} 44. Rc7 {[%clk
00:28:48]} {[%emt 00:00:24]} a5 {[%clk 00:39:35]} {[%emt 00:00:19]} 45. Ra7
{[%clk 00:29:02]} {[%emt 00:00:16]} Kb4 {[%clk 00:39:52]} {[%emt 00:00:13]} 46.
Kc2 {[%clk 00:29:17]} {[%emt 00:00:15]} Rc3+ {[%clk 00:40:00]} {[%emt
00:00:22]} 47. Kb2 {[%clk 00:28:49]} {[%emt 00:00:58]} Rxc4 {[%clk 00:40:17]}
{[%emt 00:00:13]} 48. Rb7+ {[%clk 00:29:07]} {[%emt 00:00:12]} 1-0

[Event "ODJM B 2023"]
[Site "Willingen GER"]
[Date "2023.05.30"]
[Round "4"]
[White "Strohschän, Michel"]
[Black "Kauth, Lukas Michael"]
[Result "1-0"]
[Termination "normal"]
[Board "15"]
[WhiteElo "1718"]
[BlackElo "1315"]
[WhiteClock "00:43:58"]
[BlackClock "00:27:18"]
[PlyCount "105"]
[WhiteFideId "34630465"]
[BlackFideId "16272994"]
[EventCountry "GER"]
[EventRounds "9"]
[EventType "swiss"]
[EventDate "2023.05.27"]

1. e4 {[%clk 01:30:56]} {[%emt 00:00:02]} e5 {[%clk 01:30:56]} {[%emt
00:00:05]} 2. Nf3 {[%clk 01:31:12]} {[%emt 00:00:14]} Nc6 {[%clk 01:31:22]}
{[%emt 00:00:03]} 3. Bc4 {[%clk 01:31:31]} {[%emt 00:00:12]} Bc5 {[%clk
01:31:45]} {[%emt 00:00:07]} 4. c3 {[%clk 01:31:19]} {[%emt 00:00:42]} Nf6
{[%clk 01:32:05]} {[%emt 00:00:10]} 5. d3 {[%clk 01:31:34]} {[%emt 00:00:15]}
d6 {[%clk 01:32:20]} {[%emt 00:00:15]} 6. O-O {[%clk 01:30:49]} {[%emt
00:01:15]} a6 {[%clk 01:32:38]} {[%emt 00:00:12]} 7. h3 {[%clk 01:28:07]}
{[%emt 00:03:11]} Ba7 {[%clk 01:32:45]} {[%emt 00:00:23]} 8. Re1 {[%clk
01:26:48]} {[%emt 00:01:50]} h6 {[%clk 01:32:32]} {[%emt 00:00:42]} 9. a3
{[%clk 01:25:36]} {[%emt 00:01:43]} g5 {[%clk 01:30:53]} {[%emt 00:02:09]} 10.
Nh2 {[%clk 01:20:41]} {[%emt 00:05:24]} g4 {[%clk 01:20:44]} {[%emt 00:10:40]}
11. hxg4 {[%clk 01:15:13]} {[%emt 00:05:58]} h5 {[%clk 01:20:10]} {[%emt
00:01:03]} 12. Be3 {[%clk 01:03:39]} {[%emt 00:12:05]} Nxg4 {[%clk 01:16:36]}
{[%emt 00:04:04]} 13. Nxg4 {[%clk 01:02:24]} {[%emt 00:01:44]} hxg4 {[%clk
01:16:54]} {[%emt 00:00:12]} 14. g3 {[%clk 01:02:09]} {[%emt 00:00:46]} Qf6
{[%clk 00:52:05]} {[%emt 00:25:18]} 15. Bxa7 {[%clk 00:57:10]} {[%emt
00:05:30]} Qh6 {[%clk 00:39:00]} {[%emt 00:13:35]} 16. Kf1 {[%clk 00:57:23]}
{[%emt 00:00:17]} Qh1+ {[%clk 00:39:06]} {[%emt 00:00:23]} 17. Ke2 {[%clk
00:57:51]} {[%emt 00:00:03]} Qf3+ {[%clk 00:39:31]} {[%emt 00:00:05]} 18. Kd2
{[%clk 00:58:08]} {[%emt 00:00:13]} Qxd1+ {[%clk 00:39:51]} {[%emt 00:00:08]}
19. Kxd1 {[%clk 00:57:43]} {[%emt 00:00:56]} Nxa7 {[%clk 00:40:18]} {[%emt
00:00:04]} 20. Nd2 {[%clk 00:57:32]} {[%emt 00:00:41]} Ke7 {[%clk 00:40:29]}
{[%emt 00:00:19]} 21. Ke2 {[%clk 00:55:37]} {[%emt 00:02:25]} Bd7 {[%clk
00:39:52]} {[%emt 00:01:07]} 22. Rh1 {[%clk 00:54:48]} {[%emt 00:01:19]} Nc6
{[%emt 00:04:27]} 23. Rag1 {[%clk 00:53:19]} a5 {[%clk 00:34:54]} {[%emt
00:03:30]} 24. Nf1 {[%clk 00:52:08]} {[%emt 00:01:40]} Rag8 {[%clk 00:34:43]}
{[%emt 00:00:42]} 25. Ne3 {[%clk 00:52:21]} {[%emt 00:00:17]} Rh3 {[%clk
00:31:45]} {[%emt 00:03:28]} 26. Rxh3 {[%clk 00:46:55]} {[%emt 00:05:56]} gxh3
{[%clk 00:32:09]} {[%emt 00:00:06]} 27. Kf3 {[%clk 00:47:05]} {[%emt 00:00:20]}
Kf6 {[%clk 00:28:21]} {[%emt 00:04:18]} 28. g4 {[%clk 00:45:19]} {[%emt
00:02:16]} Kg5 {[%clk 00:26:35]} {[%emt 00:02:16]} 29. Kg3 {[%clk 00:45:26]}
{[%emt 00:00:23]} Rh8 {[%clk 00:26:38]} {[%emt 00:00:28]} 30. Bxf7 {[%clk
00:44:28]} {[%emt 00:01:27]} Rf8 {[%clk 00:26:24]} {[%emt 00:00:44]} 31. Bb3
{[%clk 00:44:13]} {[%emt 00:00:45]} Rf4 {[%clk 00:26:32]} {[%emt 00:00:23]} 32.
f3 {[%clk 00:44:08]} {[%emt 00:00:34]} Nd4 {[%clk 00:24:57]} {[%emt 00:02:05]}
33. cxd4 {[%clk 00:43:50]} {[%emt 00:00:48]} exd4 {[%clk 00:23:33]} {[%emt
00:01:54]} 34. Nf5 {[%clk 00:43:34]} {[%emt 00:00:45]} a4 {[%clk 00:23:44]}
{[%emt 00:00:20]} 35. Bc2 {[%clk 00:43:36]} {[%emt 00:00:27]} d5 {[%clk
00:23:29]} {[%emt 00:00:46]} 36. Nxd4 {[%clk 00:42:56]} {[%emt 00:01:09]} dxe4
{[%clk 00:22:44]} {[%emt 00:01:16]} 37. dxe4 {[%clk 00:43:13]} {[%emt
00:00:12]} Bxg4 {[%clk 00:22:31]} {[%emt 00:00:43]} 38. fxg4 {[%clk 00:43:20]}
{[%emt 00:00:23]} h2 {[%clk 00:22:44]} {[%emt 00:00:18]} 39. Kxh2 {[%clk
00:43:11]} {[%emt 00:00:39]} Rf2+ {[%clk 00:23:03]} {[%emt 00:00:11]} 40. Rg2
{[%clk 00:43:39]} {[%emt 00:00:02]} Kf4 {[%clk 00:22:29]} {[%emt 00:01:03]} 41.
Rxf2+ {[%clk 00:43:55]} {[%emt 00:00:14]} Ke3 {[%clk 00:22:56]} {[%emt
00:00:03]} 42. Rg2 {[%clk 00:43:28]} {[%emt 00:00:57]} c5 {[%clk 00:23:18]}
{[%emt 00:00:09]} 43. Ne2 {[%clk 00:43:07]} {[%emt 00:00:51]} Kd2 {[%clk
00:23:41]} {[%emt 00:00:07]} 44. Bxa4 {[%clk 00:43:22]} {[%emt 00:00:15]} c4
{[%clk 00:24:02]} {[%emt 00:00:09]} 45. e5 {[%clk 00:43:34]} {[%emt 00:00:18]}
b5 {[%clk 00:24:27]} {[%emt 00:00:05]} 46. Bxb5 {[%clk 00:43:50]} {[%emt
00:00:14]} c3 {[%clk 00:24:53]} {[%emt 00:00:03]} 47. Nxc3+ {[%clk 00:44:08]}
{[%emt 00:00:13]} Kc1 {[%clk 00:25:19]} {[%emt 00:00:04]} 48. Na4 {[%clk
00:43:54]} {[%emt 00:00:42]} Kb1 {[%clk 00:25:43]} {[%emt 00:00:08]} 49. b3
{[%clk 00:42:37]} {[%emt 00:01:46]} Ka1 {[%clk 00:26:05]} {[%emt 00:00:09]} 50.
e6 {[%clk 00:42:59]} {[%emt 00:00:08]} Kb1 {[%clk 00:26:22]} {[%emt 00:00:13]}
51. e7 {[%clk 00:43:22]} {[%emt 00:00:07]} Ka1 {[%clk 00:26:50]} {[%emt
00:00:02]} 52. e8=R {[%clk 00:43:42]} {[%emt 00:00:10]} Kb1 {[%clk 00:27:18]}
{[%emt 00:00:03]} 53. Re1# {[%clk 00:43:58]} {[%emt 00:00:13]} 1-0

[Event "ODJM B 2023"]
[Site "Willingen GER"]
[Date "2023.05.30"]
[Round "4"]
[White "Klahold, Rona"]
[Black "Kanno, Clara Yumi"]
[Result "1-0"]
[Termination "normal"]
[Board "16"]
[WhiteElo "1592"]
[BlackElo "1358"]
[WhiteClock "00:27:57"]
[BlackClock "00:34:54"]
[PlyCount "99"]
[WhiteFideId "16222970"]
[BlackFideId "16259661"]
[EventCountry "GER"]
[EventRounds "9"]
[EventType "swiss"]
[EventDate "2023.05.27"]

1. e4 {[%clk 01:30:59]} e6 {[%clk 01:30:47]} {[%emt 00:00:14]} 2. d4 {[%clk
01:31:21]} {[%emt 00:00:07]} d5 {[%clk 01:31:11]} {[%emt 00:00:07]} 3. Bd3
{[%clk 01:31:32]} {[%emt 00:00:18]} dxe4 {[%clk 01:31:30]} {[%emt 00:00:12]} 4.
Bxe4 {[%clk 01:32:00]} {[%emt 00:00:01]} Nf6 {[%clk 01:31:49]} {[%emt
00:00:11]} 5. Bf3 {[%clk 01:32:24]} {[%emt 00:00:06]} c5 {[%clk 01:31:38]}
{[%emt 00:00:42]} 6. Ne2 {[%clk 01:32:34]} {[%emt 00:00:20]} Nc6 {[%clk
01:29:32]} {[%emt 00:02:36]} 7. Be3 {[%clk 01:29:04]} {[%emt 00:03:59]} cxd4
{[%clk 01:28:33]} {[%emt 00:01:30]} 8. Nxd4 {[%clk 01:28:43]} {[%emt 00:00:51]}
Ne5 {[%clk 01:27:55]} {[%emt 00:01:07]} 9. Be2 {[%clk 01:21:06]} {[%emt
00:08:07]} Nd5 {[%clk 01:23:43]} {[%emt 00:04:42]} 10. O-O {[%clk 00:56:18]}
{[%emt 00:25:18]} Nxe3 {[%clk 01:15:33]} {[%emt 00:08:41]} 11. fxe3 {[%clk
00:56:38]} {[%emt 00:00:09]} Bc5 {[%clk 01:14:37]} {[%emt 00:01:25]} 12. c3
{[%clk 00:52:33]} {[%emt 00:04:37]} O-O {[%clk 01:11:02]} {[%emt 00:04:05]} 13.
Nd2 {[%clk 00:46:12]} {[%emt 00:06:50]} Qg5 {[%clk 01:02:43]} {[%emt 00:08:49]}
14. Rf4 {[%clk 00:45:32]} {[%emt 00:01:11]} f5 {[%clk 00:51:41]} {[%emt
00:11:31]} 15. Nc4 {[%clk 00:35:55]} {[%emt 00:10:07]} Ng6 {[%clk 00:44:10]}
{[%emt 00:08:01]} 16. Rf3 {[%clk 00:30:51]} {[%emt 00:05:34]} e5 {[%clk
00:41:40]} {[%emt 00:03:00]} 17. Rg3 {[%clk 00:18:58]} {[%emt 00:12:24]} Qf6
{[%clk 00:36:55]} {[%emt 00:05:14]} 18. Nf3 {[%clk 00:14:23]} {[%emt 00:05:05]}
b5 {[%clk 00:30:02]} {[%emt 00:07:23]} 19. Qd5+ {[%clk 00:13:59]} {[%emt
00:00:55]} Be6 {[%clk 00:28:40]} {[%emt 00:01:51]} 20. Qxc5 {[%clk 00:14:12]}
{[%emt 00:00:18]} bxc4 {[%clk 00:25:56]} {[%emt 00:03:14]} 21. Bxc4 {[%clk
00:13:30]} {[%emt 00:01:12]} Rfc8 {[%clk 00:26:10]} {[%emt 00:00:15]} 22. Bxe6+
{[%clk 00:13:50]} {[%emt 00:00:10]} Qxe6 {[%clk 00:26:34]} {[%emt 00:00:07]}
23. Qb5 {[%clk 00:11:43]} {[%emt 00:02:36]} f4 {[%clk 00:26:14]} {[%emt
00:00:49]} 24. exf4 {[%clk 00:10:39]} {[%emt 00:01:35]} exf4 {[%clk 00:26:28]}
{[%emt 00:00:17]} 25. Nd4 {[%clk 00:10:03]} {[%emt 00:01:06]} Qe4 {[%clk
00:25:57]} {[%emt 00:00:57]} 26. Qb3+ {[%clk 00:08:56]} {[%emt 00:01:41]} Kh8
{[%clk 00:25:36]} {[%emt 00:00:50]} 27. Rf3 {[%clk 00:08:54]} {[%emt 00:00:32]}
Rab8 {[%clk 00:21:59]} {[%emt 00:04:06]} 28. Qa3 {[%clk 00:07:58]} {[%emt
00:01:28]} Re8 {[%clk 00:19:57]} {[%emt 00:02:31]} 29. Raf1 {[%clk 00:07:01]}
{[%emt 00:01:28]} Nh4 {[%clk 00:17:38]} {[%emt 00:02:49]} 30. R3f2 {[%clk
00:06:18]} {[%emt 00:01:13]} Re5 {[%clk 00:15:58]} {[%emt 00:02:09]} 31. Nf3
{[%clk 00:05:00]} {[%emt 00:01:49]} Nxf3+ {[%clk 00:15:08]} {[%emt 00:01:20]}
32. Rxf3 {[%clk 00:05:15]} {[%emt 00:00:15]} g5 {[%clk 00:13:48]} {[%emt
00:01:50]} 33. b3 {[%clk 00:04:34]} {[%emt 00:01:11]} Re7 {[%clk 00:13:07]}
{[%emt 00:01:11]} 34. Qc5 {[%clk 00:03:12]} {[%emt 00:01:51]} Rd7 {[%clk
00:12:58]} {[%emt 00:00:39]} 35. Qxg5 {[%clk 00:03:02]} {[%emt 00:00:41]} Rg8
{[%clk 00:12:07]} {[%emt 00:01:20]} 36. Qf6+ {[%clk 00:03:05]} {[%emt
00:00:28]} Rdg7 {[%clk 00:12:00]} {[%emt 00:00:36]} 37. h3 {[%clk 00:02:25]}
{[%emt 00:01:11]} h5 {[%clk 00:09:36]} {[%emt 00:02:54]} 38. Qh6+ {[%clk
00:01:54]} {[%emt 00:01:00]} Rh7 {[%clk 00:09:55]} {[%emt 00:00:11]} 39. Qf6+
{[%clk 00:02:20]} {[%emt 00:00:05]} Rhg7 {[%clk 00:09:42]} {[%emt 00:00:43]}
40. R1f2 {[%clk 00:02:14]} {[%emt 00:00:35]} Kh7 {[%clk 00:09:42]} {[%emt
00:00:30]} 41. Qxf4 {[%clk 00:28:50]} {[%emt 00:03:54]} Qe1+ {[%clk 00:38:46]}
{[%emt 00:01:26]} 42. Kh2 {[%clk 00:28:41]} {[%emt 00:00:38]} Re8 {[%clk
00:36:54]} {[%emt 00:02:23]} 43. Qf5+ {[%clk 00:28:15]} {[%emt 00:00:56]} Kh6
{[%clk 00:36:56]} {[%emt 00:00:29]} 44. Qf6+ {[%clk 00:27:44]} {[%emt
00:01:00]} Rg6 {[%clk 00:36:14]} {[%emt 00:01:12]} 45. Qf4+ {[%clk 00:26:54]}
{[%emt 00:01:19]} Kg7 {[%clk 00:35:12]} {[%emt 00:01:25]} 46. Qd4+ {[%clk
00:26:59]} {[%emt 00:00:33]} Kg8 {[%clk 00:34:40]} {[%emt 00:01:02]} 47. Qd5+
{[%clk 00:26:58]} {[%emt 00:00:30]} Kh7 {[%clk 00:34:19]} {[%emt 00:00:52]} 48.
Qxh5+ {[%clk 00:27:08]} {[%emt 00:00:20]} Kg7 {[%clk 00:34:32]} {[%emt
00:00:17]} 49. Rf7+ {[%clk 00:27:32]} {[%emt 00:00:07]} Kg8 {[%clk 00:34:54]}
{[%emt 00:00:08]} 50. Qh7# {[%clk 00:27:57]} {[%emt 00:00:04]} 1-0

[Event "ODJM B 2023"]
[Site "Willingen GER"]
[Date "2023.05.30"]
[Round "4"]
[White "Törpel, Cedrik"]
[Black "Kutz, Ida Klara"]
[Result "1-0"]
[Termination "normal"]
[Board "17"]
[WhiteElo "1678"]
[BlackElo "1411"]
[WhiteClock "00:05:09"]
[BlackClock "00:10:43"]
[PlyCount "129"]
[WhiteFideId "34660380"]
[BlackFideId "16296257"]
[EventCountry "GER"]
[EventRounds "9"]
[EventType "swiss"]
[EventDate "2023.05.27"]

1. e4 {[%clk 01:30:52]} {[%emt 00:00:07]} d6 {[%clk 01:30:57]} {[%emt
00:00:04]} 2. d4 {[%clk 01:31:18]} {[%emt 00:00:03]} Nf6 {[%clk 01:30:54]}
{[%emt 00:00:33]} 3. Nc3 {[%clk 01:31:41]} {[%emt 00:00:07]} g6 {[%clk
01:31:15]} {[%emt 00:00:09]} 4. f4 {[%clk 01:31:59]} {[%emt 00:00:13]} Bg7
{[%clk 01:31:38]} {[%emt 00:00:06]} 5. Nf3 {[%clk 01:32:12]} {[%emt 00:00:16]}
O-O {[%clk 01:31:19]} {[%emt 00:00:50]} 6. Bd3 {[%clk 01:32:21]} {[%emt
00:00:21]} c5 {[%clk 01:30:59]} {[%emt 00:00:50]} 7. dxc5 {[%clk 01:32:15]}
{[%emt 00:00:36]} dxc5 {[%clk 01:31:17]} {[%emt 00:00:12]} 8. Be3 {[%clk
01:29:42]} {[%emt 00:03:02]} b6 {[%clk 01:30:30]} {[%emt 00:01:18]} 9. Qe2
{[%clk 01:26:37]} {[%emt 00:03:35]} Bb7 {[%clk 01:29:24]} {[%emt 00:01:36]} 10.
O-O-O {[%clk 01:25:53]} {[%emt 00:01:14]} Nc6 {[%clk 01:28:50]} {[%emt
00:01:04]} 11. e5 {[%clk 01:14:36]} {[%emt 00:11:47]} Ne8 {[%clk 01:23:53]}
{[%emt 00:05:27]} 12. Bxg6 {[%clk 01:12:02]} {[%emt 00:03:03]} Qc8 {[%clk
01:21:58]} {[%emt 00:02:26]} 13. Be4 {[%clk 01:04:12]} {[%emt 00:08:19]} Nb4
{[%clk 01:16:59]} {[%emt 00:05:29]} 14. a3 {[%clk 00:59:34]} {[%emt 00:05:09]}
Na2+ {[%clk 01:15:22]} {[%emt 00:02:07]} 15. Nxa2 {[%clk 00:59:57]} {[%emt
00:00:06]} Bxe4 {[%clk 01:15:49]} {[%emt 00:00:04]} 16. Nc3 {[%emt 00:03:21]}
Bg6 {[%clk 01:10:39]} {[%emt 00:05:36]} 17. Nd5 {[%clk 00:54:05]} {[%emt
00:03:35]} Qb7 {[%clk 01:10:02]} {[%emt 00:01:07]} 18. h4 {[%clk 00:52:31]}
{[%emt 00:02:04]} f5 {[%clk 01:07:14]} {[%emt 00:03:18]} 19. Ng5 {[%clk
00:45:19]} {[%emt 00:07:42]} Rd8 {[%clk 01:03:02]} {[%emt 00:04:42]} 20. Nc3
{[%clk 00:39:00]} {[%emt 00:06:49]} Nc7 {[%clk 01:01:22]} {[%emt 00:02:11]} 21.
h5 {[%clk 00:33:07]} {[%emt 00:06:22]} Bf7 {[%clk 01:00:00]} {[%emt 00:01:52]}
22. h6 {[%clk 00:31:30]} {[%emt 00:02:07]} Bh8 {[%clk 00:59:55]} {[%emt
00:00:34]} 23. Rdg1 {[%clk 00:29:07]} {[%emt 00:02:53]} Bg6 {[%clk 00:58:58]}
{[%emt 00:01:28]} 24. g4 {[%clk 00:28:40]} {[%emt 00:00:57]} fxg4 {[%clk
00:56:50]} {[%emt 00:02:37]} 25. Qxg4 {[%clk 00:28:20]} {[%emt 00:00:50]} Qc8
{[%clk 00:55:25]} {[%emt 00:01:56]} 26. Qe2 {[%clk 00:25:07]} {[%emt 00:03:42]}
Qf5 {[%clk 00:52:25]} {[%emt 00:03:31]} 27. Qc4+ {[%clk 00:23:28]} {[%emt
00:02:09]} e6 {[%clk 00:51:40]} {[%emt 00:01:15]} 28. Nce4 {[%clk 00:20:59]}
{[%emt 00:02:59]} Nd5 {[%clk 00:47:18]} {[%emt 00:04:52]} 29. Bd2 {[%clk
00:19:05]} {[%emt 00:02:23]} Nxf4 {[%clk 00:45:27]} {[%emt 00:02:21]} 30. Bxf4
{[%clk 00:18:14]} {[%emt 00:01:21]} Qxf4+ {[%clk 00:44:38]} {[%emt 00:01:19]}
31. Kb1 {[%clk 00:18:38]} {[%emt 00:00:07]} Qxe5 {[%clk 00:37:55]} {[%emt
00:07:14]} 32. Qxe6+ {[%clk 00:18:08]} {[%emt 00:00:59]} Qxe6 {[%clk 00:38:07]}
{[%emt 00:00:18]} 33. Nxe6 {[%clk 00:18:20]} {[%emt 00:00:17]} Rfe8 {[%clk
00:36:36]} {[%emt 00:02:02]} 34. Nxd8 {[%clk 00:18:24]} {[%emt 00:00:26]} Rxe4
{[%clk 00:36:36]} {[%emt 00:00:30]} 35. Re1 {[%clk 00:16:51]} {[%emt 00:02:03]}
Rc4 {[%clk 00:34:31]} {[%emt 00:02:35]} 36. Rhg1 {[%clk 00:15:37]} {[%emt
00:01:43]} Rf4 {[%clk 00:32:15]} {[%emt 00:02:47]} 37. Re8+ {[%clk 00:15:20]}
{[%emt 00:00:47]} Rf8 {[%clk 00:32:32]} {[%emt 00:00:13]} 38. Rxf8+ {[%clk
00:15:34]} {[%emt 00:00:15]} Kxf8 {[%clk 00:32:55]} {[%emt 00:00:08]} 39. Ne6+
{[%clk 00:15:34]} {[%emt 00:00:29]} Ke7 {[%clk 00:32:53]} {[%emt 00:00:33]} 40.
Nf4 {[%clk 00:15:11]} {[%emt 00:00:53]} Bf7 {[%clk 00:32:00]} {[%emt 00:01:23]}
41. Re1+ {[%clk 00:13:32]} {[%emt 00:02:09]} Kd6 {[%clk 00:32:02]} {[%emt
00:00:28]} 42. c3 {[%clk 00:13:23]} {[%emt 00:00:39]} Be5 {[%clk 00:31:40]}
{[%emt 00:00:52]} 43. Ng2 {[%clk 00:12:37]} {[%emt 00:01:16]} Bg6+ {[%clk
00:30:24]} {[%emt 00:01:46]} 44. Kc1 {[%clk 00:12:43]} {[%emt 00:00:23]} c4
{[%clk 00:28:42]} {[%emt 00:02:13]} 45. Kd2 {[%clk 00:10:20]} {[%emt 00:02:53]}
Bf6 {[%clk 00:25:36]} {[%emt 00:03:36]} 46. Ne3 {[%clk 00:08:05]} {[%emt
00:02:45]} Bg5 {[%clk 00:24:20]} {[%emt 00:01:46]} 47. Rh1 {[%clk 00:08:01]}
{[%emt 00:00:33]} Bd3 {[%clk 00:22:51]} {[%emt 00:02:00]} 48. Rh3 {[%clk
00:07:45]} {[%emt 00:00:45]} Bf5 {[%clk 00:22:13]} {[%emt 00:01:09]} 49. Rh5
{[%clk 00:07:27]} {[%emt 00:00:48]} Bxe3+ {[%clk 00:21:54]} {[%emt 00:00:49]}
50. Kxe3 {[%clk 00:07:50]} {[%emt 00:00:06]} Ke5 {[%clk 00:21:21]} {[%emt
00:01:04]} 51. Rh2 {[%clk 00:07:25]} {[%emt 00:00:55]} b5 {[%clk 00:20:45]}
{[%emt 00:01:06]} 52. Rd2 {[%clk 00:07:06]} {[%emt 00:00:48]} Bd3 {[%clk
00:21:00]} {[%emt 00:00:16]} 53. Rg2 {[%clk 00:06:35]} {[%emt 00:01:00]} Kd5
{[%clk 00:18:32]} {[%emt 00:02:59]} 54. Rg5+ {[%clk 00:06:32]} {[%emt
00:00:33]} Kc6 {[%clk 00:18:33]} {[%emt 00:00:29]} 55. Kd4 {[%clk 00:06:49]}
{[%emt 00:00:13]} a6 {[%clk 00:17:43]} {[%emt 00:01:21]} 56. Rg8 {[%clk
00:06:33]} {[%emt 00:00:45]} Kb6 {[%clk 00:16:45]} {[%emt 00:01:29]} 57. Ke5
{[%clk 00:06:05]} {[%emt 00:00:57]} Ka5 {[%clk 00:14:56]} {[%emt 00:02:20]} 58.
Ra8 {[%clk 00:04:58]} {[%emt 00:01:36]} Ka4 {[%clk 00:13:37]} {[%emt 00:01:49]}
59. Rxa6+ {[%clk 00:05:05]} {[%emt 00:00:23]} Kb3 {[%clk 00:13:59]} {[%emt
00:00:08]} 60. Ra5 {[%clk 00:04:50]} {[%emt 00:00:45]} Kxb2 {[%clk 00:13:53]}
{[%emt 00:00:36]} 61. Kd4 {[%clk 00:04:48]} {[%emt 00:00:31]} Kb3 {[%clk
00:11:40]} {[%emt 00:02:43]} 62. Rxb5+ {[%clk 00:04:54]} {[%emt 00:00:24]} Kxa3
{[%clk 00:11:39]} {[%emt 00:00:31]} 63. Rb4 {[%clk 00:05:04]} {[%emt 00:00:21]}
Bg6 {[%clk 00:10:59]} {[%emt 00:01:10]} 64. Rxc4 {[%clk 00:05:07]} {[%emt
00:00:26]} Kb3 {[%clk 00:10:43]} {[%emt 00:00:46]} 65. Rc6 {[%clk 00:05:09]}
{[%emt 00:00:28]} 1-0